Statistics for Most Searched Wikipedia Pages (TV Shows)

Click here to take the quiz!

General Stats

  • This quiz has been taken 19 times
  • The average score is 7 of 16

Answer Stats

RankViews In MillionsTV Show% Correct
954Friends
81%
1446The Office / The Vampire Diaries / Arrow
69%
574Breaking Bad
63%
1111Game of Thrones
63%
295The Big Bang Theory
56%
1545The Simpsons / Sherlock / Sons of Anarchy
56%
381How I Met Your Mother
50%
1250Family Guy
44%
1052Lost
38%
1643Two and a Half Men / True Blood / Once Upon a Time / NCIS
31%
1151Dexter
25%
764Doctor Who
25%
863Grey's Anatomy
25%
480The Walking Dead
25%
1349House
19%
669Glee
13%

Score Distribution

Percentile by Number Answered

Percent of People with Each Score

Your Score History

You have not taken this quiz